Địa lý tự nhiên các lục địa
Đã lưu trong:
| 主要作者: | |
|---|---|
| 格式: | 圖書 |
| 語言: | Undetermined |
| 出版: |
Hà Nội
Giáo Dục
1989
|
| 主題: | |
| 標簽: |
添加標簽
沒有標簽, 成為第一個標記此記錄!
|
| Thư viện lưu trữ: | Trung tâm Học liệu Trường Đại học Cần Thơ |
|---|
| LEADER | 00507nam a2200181Ia 4500 | ||
|---|---|---|---|
| 001 | CTU_10253 | ||
| 008 | 210402s9999 xx 000 0 und d | ||
| 082 | |a 912.19 | ||
| 082 | |b H107/T.1 | ||
| 100 | |a Nguyễn, Phi Hạnh | ||
| 245 | 0 | |a Địa lý tự nhiên các lục địa | |
| 245 | 0 | |c Nguyễn Phi Hạnh | |
| 260 | |a Hà Nội | ||
| 260 | |b Giáo Dục | ||
| 260 | |c 1989 | ||
| 650 | |a Continents | ||
| 904 | |i Qhieu sửa | ||
| 980 | |a Trung tâm Học liệu Trường Đại học Cần Thơ | ||